00470nam a2200205Ia 4500008004000000041000800040082001100048100002400059245005100083260003900134300001200173650001000185650000700195650001200202650001200214650001000226650001000236650001200246650000600258210210b1947 xxu||||| |||| 00| 0 eng d aeng a320/88 aBULLITT (William C) aGreat globe itself: a preface to world affairs aLondonbMacmillan & Co. Ltd.c1947 avii,268 aworld ato apreface aitself: aGreat aglobe aaffairs aa